Costa Rica: juicio a la democracia

Zapisane w:
Opis bibliograficzny
1. autor: Dabéne, Olivier
Format: Texto
Wydane: San José: FLACSO
Etykiety: Dodaj etykietę
Nie ma etykietki, Dołącz pierwszą etykiete!

MARC

LEADER 00000 a a2200000 04500
001 24723
003
040
020 |a 9977-68-027  
090 |a 173100  
100 |a Dabéne, Olivier  
245 |a Costa Rica: juicio a la democracia  
260 |a San José:   |b FLACSO  
300 |a 434 p   |b **no definido**  
999 |c 9528  |d 9528